Worlds Largest Banks - Statistics

General Stats
  • This quiz has been taken 1,102 times
  • The average score is 7 of 20
Answer Stats
Rank Country Answer Total assets (US$ billion) % Correct
2 United Kingdom HSBC Holdings 2,758.45
77%
6 USA JPMorgan Chase & Co. 2,476.99
71%
12 USA Bank of America 2,149.85
67%
10 United Kingdom Barclays PLC 2,266.82
59%
14 USA Citigroup Inc 1,894.74
52%
18 Spain Banco Santander 1,607.24
50%
8 China Bank of China 2,435.49
49%
4 France BNP Paribas 2,589.19
47%
11 Germany Deutsche Bank 2,250.64
46%
17 United Kingdom Royal Bank of Scotland Group 1,703.96
31%
15 France Société Générale 1,740.75
24%
1 China Industrial & Commercial Bank of China 3,181.88
20%
7 China Agricultural Bank of China 2,470.43
16%
16 Japan Mizuho Financial Group 1,708.86
10%
19 Japan Sumitomo Mitsui Financial Group 1,569.99
9%
5 Japan Mitsubishi UFJ Financial Group 2,508.84
8%
3 China China Construction Bank Corporation 2,602.54
7%
9 France Crédit Agricole Group 2,346.56
3%
20 France Group BPCE 1,567.88
3%
13 Japan Japan Post Bank 1,968.27
3%
No matching quizzes found
Score Distribution
Percent of People with Each Score
Percentile by Number Answered
Your Score History
You have not taken this quiz